Un nido de víboras /
Salvato in:
| Autore principale: | |
|---|---|
| Altri autori: | |
| Natura: | Elettronico eBook |
| Lingua: | spagnolo italiano |
| Pubblicazione: |
Barcelona :
Salamandra,
[2017]
|
| Edizione: | Primera edición en libro electrónico (epub) |
| Soggetti: | |
| Accesso online: | Digitalia Hispánica |
| Tags: |
Aggiungi Tag
Nessun Tag, puoi essere il primo ad aggiungerne!!
|
MARC
| LEADER | 00000nam a2200000Ii 4500 | ||
|---|---|---|---|
| 001 | DIGSLMNDRA0293 | ||
| 003 | NyNyDIG | ||
| 007 | cr ||||||||||| | ||
| 008 | 221006s2017 sp o 000 f spa d | ||
| 006 | m o d | ||
| 035 | |a (OCoLC)1128392658 | ||
| 040 | |a DGITA |b eng |e rda |e pn |c DGITA | ||
| 041 | 1 | |a spa |h ita | |
| 020 | |a 9788415631750 |q libro electrónico | ||
| 020 | |z 9788498387841 | ||
| 050 | 1 | 4 | |a PQ4863.A3894 ebook |
| 100 | 1 | |a Camilleri, Andrea, |e author. | |
| 240 | 1 | 0 | |a Covo di vipere. |l Spanish |s (Mayor) |
| 245 | 1 | 3 | |a Un nido de víboras / |c Andrea Camilleri ; traducción del italiano, Carlos Mayor. |
| 250 | |a Primera edición en libro electrónico (epub) | ||
| 264 | 1 | |a Barcelona : |b Salamandra, |c [2017] | |
| 300 | |a 1 online resource. | ||
| 336 | |a text |b txt |2 rdacontent | ||
| 337 | |a computer |b c |2 rdamedia | ||
| 338 | |a online resource |b cr |2 rdacarrier | ||
| 347 | |a text file |2 rdaft | ||
| 347 | |b EPUB | ||
| 588 | 0 | |a Online resource; title from ePub title page (Digitalia, viewed October 6, 2022) | |
| 655 | 7 | |a Novels. |2 lcgft | |
| 700 | 1 | |a Mayor, Carlos, |e translator. | |
| 700 | 1 | |i Translation of: |a Camilleri, Andrea. |t Covo di vipere. | |
| 791 | 2 | |a Digitalia (Firm), |e distributor. | |
| 776 | 0 | 8 | |i Print version: |a Camilleri, Andrea. |s Covo di vipere. Spanish (Mayor). |t Nido de víboras. |d Barcelona : Salamandra, [2017] |z z9788498387841 |
| 793 | 0 | |g Digitalia eBook Collection: |a Ediciones Salamandra | |
| 856 | 4 | 0 | |3 Digitalia Hispánica |u https://digitalia.unach.elogim.com/a/48378/ |
| 910 | |a Premium collection: 2022 | ||